[Event "4th OHRA Open"]
[Site "Amsterdam NED"]
[Date "1985.07.16"]
[Round "1"]
[White "Hellers, Ferdinand"]
[Black "Klaric, Zlatko"]
[Result "1-0"]
[WhiteElo "2380"]
[BlackElo "2465"]
[EventDate "1985.07.16"]
[PlyCount "51"]

1.e4 e5 2.f4 d5 3.exd5 c6 4.Nc3 exf4 5.Nf3 Nf6 6.d4 cxd5 7.Bxf4 Bd6 8.Bg5 
Be6 9.Bd3 Nbd7 10.O-O h6 11.Bh4 O-O 12.Qd2 Qb8 13.Rae1 Bf4 14.Qe2 Re8 15.
Ne5 g5 16.Rxf4 gxf4 17.Qf3 Kg7 18.Qxf4 Ng4 19.Rf1 Ndxe5 20.dxe5 Qc7 21.h3 
Qb6+ 22.Kh1 Qe3 23.Bf6+ Kf8 24.hxg4 Qxf4 25.Rxf4 a6 26.Rd4 1-0

[Event "4th OHRA Open"]
[Site "Amsterdam NED"]
[Date "1985.07.16"]
[Round "1"]
[White "Ivkov, Borislav"]
[Black "De Wit, Jan"]
[Result "0-1"]
[WhiteElo "2510"]
[BlackElo "2390"]
[EventDate "1985.07.16"]
[PlyCount "78"]

1.Nf3 Nf6 2.c4 g6 3.Nc3 Bg7 4.e4 d6 5.d4 O-O 6.h3 e5 7.dxe5 dxe5 8.Qxd8 
Rxd8 9.Bg5 Nbd7 10.O-O-O Rf8 11.Be3 c6 12.c5 Re8 13.Bc4 h6 14.g4 Nf8 15.
Rhg1 N6h7 16.h4 Ne6 17.h5 g5 18.Nd2 Nd4 19.f3 Nf8 20.Rgf1 b5 21.cxb6 axb6 
22.Kb1 b5 23.Bd3 Nfe6 24.Nb3 Nxb3 25.axb3 Nd4 26.Bxd4 exd4 27.Ne2 Be6 28.
Kc2 c5 29.Bxb5 Reb8 30.Bc4 Bxc4 31.bxc4 Ra4 32.Nc1 Rxc4+ 33.Kd3 Rcb4 34.b3
Be5 35.Kc2 Bf4 36.Rd3 c4 37.Rxd4 cxb3+ 38.Kd3 Rxd4+ 39.Kxd4 b2 0-1

[Event "4th OHRA Open"]
[Site "Amsterdam NED"]
[Date "1985.07.16"]
[Round "1"]
[White "Piket, Jeroen"]
[Black "Lombardy, William James"]
[Result "1-0"]
[WhiteElo "2400"]
[BlackElo "2510"]
[EventDate "1985.07.16"]
[PlyCount "59"]

1.d4 d6 2.e4 Nf6 3.Nc3 g6 4.f4 Bg7 5.Nf3 c6 6.Bd3 Bg4 7.Be3 Qb6 8.Qd2 Bxf3
9.gxf3 Nfd7 10.e5 d5 11.O-O-O e6 12.h4 h5 13.Rhg1 Bh6 14.f5 Bxe3 15.Qxe3 
gxf5 16.Bxf5 Na6 17.Rg7 O-O-O 18.Bh3 Rhf8 19.Qf4 f5 20.exf6 Rxf6 21.Qg5 
Rdf8 22.Qxh5 Qd8 23.Qg5 Nc7 24.Bg4 R6f7 25.Rxf7 Rxf7 26.Re1 Qxg5+ 27.hxg5 
Nf8 28.Ne2 Kd7 29.Ng3 Rg7 30.f4 1-0

[Event "4th OHRA Open"]
[Site "Amsterdam NED"]
[Date "1985.07.16"]
[Round "1"]
[White "Bohm, Hans"]
[Black "Farago, Ivan"]
[Result "0-1"]
[WhiteElo "2395"]
[BlackElo "2510"]
[EventDate "1985.07.16"]
[PlyCount "80"]

1.d4 Nf6 2.c4 e6 3.Nc3 Bb4 4.g3 d5 5.Bg2 O-O 6.Nf3 dxc4 7.O-O Nc6 8.Re1 
Rb8 9.a3 Be7 10.Qa4 Nxd4 11.Nxd4 Qxd4 12.Be3 Qg4 13.h3 Qh5 14.Qxc4 c5 15.
g4 Qg6 16.Bf4 Ra8 17.Rad1 a6 18.a4 Bd7 19.Bxb7 Ra7 20.Bg2 Rc8 21.Rd3 Bc6 
22.Bxc6 Rxc6 23.Red1 h5 24.g5 Rb7 25.Rg3 Rb4 26.gxf6 Qxf6 27.Qd3 Rxf4 28.
e3 Rd6 29.Qe2 Rxd1+ 30.Qxd1 Rb4 31.Qe2 Bd6 32.f4 Bf8 33.Rg2 Qf5 34.Kh2 c4 
35.Qf3 g6 36.e4 Qc5 37.e5 Qd4 38.h4 Qd3 39.Qxd3 cxd3 40.Rd2 Bh6 0-1

[Event "4th OHRA Open"]
[Site "Amsterdam NED"]
[Date "1985.07.16"]
[Round "1"]
[White "Van der Sterren, Paul"]
[Black "Hartoch, Robert"]
[Result "1-0"]
[WhiteElo "2465"]
[BlackElo "2380"]
[EventDate "1985.07.16"]
[PlyCount "35"]

1.d4 Nf6 2.c4 c6 3.Nc3 d5 4.Nf3 dxc4 5.a4 Bg4 6.Ne5 Bh5 7.f3 Nfd7 8.Nxc4 
e5 9.Ne4 Bb4+ 10.Bd2 Qe7 11.dxe5 O-O 12.Ng3 Rd8 13.Nd6 Bxd2+ 14.Qxd2 Nxe5 
15.O-O-O Nc4 16.Ndf5 Nxd2 17.Nxe7+ Kf8 18.Rxd2 1-0

[Event "4th OHRA Open"]
[Site "Amsterdam NED"]
[Date "1985.07.16"]
[Round "1"]
[White "Bosboom, Manuel"]
[Black "Campora, Daniel Hugo"]
[Result "1/2-1/2"]
[WhiteElo "2340"]
[BlackElo "2440"]
[EventDate "1985.07.16"]
[PlyCount "135"]

1.e4 c6 2.d4 d5 3.exd5 cxd5 4.c4 Nf6 5.Nc3 e6 6.Nf3 Be7 7.cxd5 Nxd5 8.Bd3 
Nc6 9.O-O O-O 10.Re1 Nf6 11.Bg5 Nb4 12.Bb1 b6 13.Ne5 Bb7 14.a3 Nbd5 15.Qd3
g6 16.Bh6 Re8 17.Qh3 Bf8 18.Bg5 Bg7 19.Ba2 Nxc3 20.bxc3 Qd6 21.Bb3 Ne4 22.
Bf4 Qe7 23.Qd3 Nd6 24.a4 Red8 25.a5 Qf6 26.Qe3 Nf5 27.Qd2 h6 28.Bg3 b5 29.
Nxf7 Kxf7 30.Rxe6 Qxe6 31.Bxe6+ Kxe6 32.Qe2+ Kf7 33.Qxb5 Bd5 34.Bc7 a6 35.
Qa4 Re8 36.Qd7+ Ne7 37.h4 Be6 38.Qd6 Bf6 39.Re1 Nf5 40.Qc6 Ba2 41.Rxe8 
Rxe8 42.Qxa6 Re1+ 43.Kh2 Bxh4 44.Be5 Ne7 45.Qb6 Re2 46.Bg3 Bxg3+ 47.Kxg3 
Bd5 48.Qc7 Re6 49.Kh2 Rc6 50.Qf4+ Rf6 51.Qe3 h5 52.Qe2 Rc6 53.Qe3 Bc4 54.
Qf4+ Rf6 55.Qc7 Rc6 56.Qf4+ Ke8 57.Qb8+ Kd7 58.Qb7+ Ke6 59.Qb8 Bd5 60.Qe5+
Kd7 61.Qe3 Bc4 62.Qe5 Nd5 63.Qg7+ Kc8 64.a6 Rxa6 65.Qg8+ Kc7 66.Qf7+ Kd8 
67.Qf8+ Kd7 68.Qf7+ 1/2-1/2

[Event "4th OHRA Open"]
[Site "Amsterdam NED"]
[Date "1985.07.16"]
[Round "1"]
[White "Wockenfuss, Klaus"]
[Black "Ree, Hans"]
[Result "1/2-1/2"]
[WhiteElo "2370"]
[BlackElo "2465"]
[EventDate "1985.07.16"]
[PlyCount "27"]

1.g3 e5 2.Bg2 d5 3.d3 Nf6 4.Nf3 Bd6 5.O-O O-O 6.Nc3 c6 7.e4 dxe4 8.dxe4 
Na6 9.h3 Nc5 10.Nh4 Ne6 11.Nf5 Bc5 12.Qf3 Nd4 13.Nxd4 Bxd4 14.Ne2 1/2-1/2

[Event "4th OHRA Open"]
[Site "Amsterdam NED"]
[Date "1985.07.16"]
[Round "1"]
[White "Belkhodja, Slim"]
[Black "Vanheste, Jeroen"]
[Result "1/2-1/2"]
[WhiteElo "2385"]
[BlackElo "2360"]
[EventDate "1985.07.16"]
[PlyCount "139"]

1.e4 e6 2.d3 d5 3.Nd2 Nf6 4.Ngf3 Nc6 5.g3 dxe4 6.dxe4 Bc5 7.Bg2 e5 8.O-O 
O-O 9.Qe2 a5 10.Nc4 Qe7 11.a4 b6 12.c3 Ba6 13.Bh3 Ne8 14.Nh4 Nd6 15.Nf5 
Nxf5 16.Bxf5 Rad8 17.b3 Na7 18.Be3 Nc8 19.Bxc8 Rxc8 20.Rfd1 Bxc4 21.bxc4 
c6 22.Ra2 Rcd8 23.Rad2 Rxd2 24.Rxd2 Bxe3 25.Qxe3 Qa3 26.Rd7 Qa1+ 27.Kg2 
Qxa4 28.Qxb6 Qxc4 29.Qxa5 Qxe4+ 30.Kg1 g6 31.Rd1 Rb8 32.Qa1 Qc2 33.Rf1 Kg7
34.Qa5 Rb5 35.Qa1 Qb2 36.Qxb2 Rxb2 37.Ra1 Rb5 38.Kf1 Kf6 39.Ra6 Rc5 40.Ra3
Ke6 41.Ke2 e4 42.Ra4 f5 43.Ra7 Rxc3 44.Rxh7 Rc2+ 45.Ke3 Rc3+ 46.Ke2 c5 47.
h4 Rc2+ 48.Ke3 c4 49.h5 gxh5 50.Rxh5 Kf6 51.Rh8 Rc3+ 52.Ke2 Rd3 53.Rc8 c3 
54.Re8 Rd2+ 55.Ke3 Rd3+ 56.Ke2 Kg5 57.Rg8+ Kh5 58.g4+ fxg4 59.Re8 Rd4 60.
Rc8 Rd2+ 61.Ke3 Rc2 62.Rc4 Kh4 63.Rxe4 Rc1 64.Ke2 c2 65.Rc4 Kh3 66.Kd3 Ra1
67.Rxc2 Ra8 68.Ke3 Rf8 69.Rc4 Re8+ 70.Re4 1/2-1/2

[Event "4th OHRA Open"]
[Site "Amsterdam NED"]
[Date "1985.07.17"]
[Round "2"]
[White "Kurajica, Bojan"]
[Black "Belkhodja, Slim"]
[Result "1-0"]
[WhiteElo "2505"]
[BlackElo "2385"]
[EventDate "1985.07.16"]
[PlyCount "53"]

1.d4 Nf6 2.Nf3 g6 3.g3 Bg7 4.Bg2 O-O 5.O-O d6 6.c4 Nbd7 7.Nc3 e5 8.b3 Re8 
9.h3 c6 10.Qc2 e4 11.Nd2 e3 12.fxe3 Rxe3 13.Nde4 Nxe4 14.Nxe4 Rxg3 15.e3 
Rg5 16.Nxg5 Qxg5 17.Qf2 Qe7 18.Ba3 Nf6 19.e4 Ne8 20.e5 Bf5 21.Qf4 dxe5 22.
Qxf5 Qxa3 23.Qxf7+ Kh8 24.Qxb7 Rd8 25.Qxc6 exd4 26.Rae1 Nd6 27.c5 1-0

[Event "4th OHRA Open"]
[Site "Amsterdam NED"]
[Date "1985.07.17"]
[Round "2"]
[White "Campora, Daniel Hugo"]
[Black "Wockenfuss, Klaus"]
[Result "1-0"]
[WhiteElo "2440"]
[BlackElo "2370"]
[EventDate "1985.07.16"]
[PlyCount "59"]

1.e4 Nc6 2.d4 d5 3.Nc3 dxe4 4.d5 Ne5 5.Qd4 Ng6 6.Bb5+ Bd7 7.Nge2 Nf6 8.Bg5
Bxb5 9.Nxb5 a6 10.Nbc3 h6 11.Bxf6 exf6 12.Nxe4 Be7 13.O-O-O O-O 14.N2g3 
Qd7 15.Nh5 Kh8 16.h3 Rfd8 17.g4 Bf8 18.c4 c5 19.Qc3 b5 20.f4 bxc4 21.Rhg1 
Rab8 22.Nexf6 gxf6 23.Qxf6+ Kh7 24.f5 Qe7 25.fxg6+ fxg6 26.Rge1 Qc7 27.Nf4
c3 28.Ne6 cxb2+ 29.Kb1 Qd6 30.Nxf8+ 1-0

[Event "4th OHRA Open"]
[Site "Amsterdam NED"]
[Date "1985.07.17"]
[Round "2"]
[White "Georgiev, Kiril"]
[Black "Langeweg, Christian"]
[Result "1-0"]
[WhiteElo "2550"]
[BlackElo "2405"]
[EventDate "1985.07.16"]
[PlyCount "59"]

1.d4 Nf6 2.c4 e6 3.Nc3 Bb4 4.e3 O-O 5.Bd3 c5 6.Ne2 d5 7.O-O cxd4 8.exd4 
dxc4 9.Bxc4 Nc6 10.a3 Bd6 11.Qd3 b6 12.Rd1 Bb7 13.Qh3 Na5 14.Ba2 Rc8 15.
Bg5 h6 16.Bh4 Nc4 17.Nb5 Bb8 18.Rac1 Nd6 19.Nbc3 Nf5 20.d5 Nxh4 21.dxe6 g5
22.exf7+ Kg7 23.Rxd8 Rcxd8 24.Ng3 Bxg2 25.Qe6 Bb7 26.Nf5+ Nxf5 27.Qxf5 Rd4
28.Ne2 Rg4+ 29.Ng3 Be4 30.Qe6 1-0

[Event "4th OHRA Open"]
[Site "Amsterdam NED"]
[Date "1985.07.17"]
[Round "2"]
[White "Ree, Hans"]
[Black "Boersma, Paulus"]
[Result "1/2-1/2"]
[WhiteElo "2465"]
[BlackElo "2385"]
[EventDate "1985.07.16"]
[PlyCount "70"]

1.d4 d5 2.c4 e6 3.Nc3 Be7 4.cxd5 exd5 5.Bf4 c6 6.e3 Bf5 7.Nge2 Qb6 8.Qd2 
Nf6 9.Ng3 Bg6 10.h4 h5 11.Be2 Nbd7 12.a3 a5 13.Bf3 Qd8 14.Qe2 Kf8 15.Kf1 
Qb6 16.Rc1 Re8 17.Kg1 Kg8 18.Qd2 Qa7 19.Bg5 Bf8 20.Nce2 Be4 21.Bxf6 Nxf6 
22.Bxe4 dxe4 23.Nc3 Bd6 24.Rh3 Qb6 25.Qc2 Bxg3 26.Rxg3 g6 27.Rg5 Kg7 28.
Re5 Qc7 29.Nd5 Nxd5 30.Rxd5 Qe7 31.Rxa5 Qxh4 32.d5 cxd5 33.Rxd5 Qf6 34.Rd7
h4 35.Qc7 Rc8 1/2-1/2

[Event "4th OHRA Open"]
[Site "Amsterdam NED"]
[Date "1985.07.17"]
[Round "2"]
[White "De Wit, Jan"]
[Black "Van der Sterren, Paul"]
[Result "1-0"]
[WhiteElo "2390"]
[BlackElo "2465"]
[EventDate "1985.07.16"]
[PlyCount "83"]

1.e4 e5 2.Nf3 Nc6 3.Bb5 a6 4.Bxc6 dxc6 5.O-O Bg4 6.h3 h5 7.c3 Qd3 8.Re1 
Bxf3 9.Qxf3 Qxf3 10.gxf3 O-O-O 11.Kf1 Be7 12.Ke2 Bg5 13.Na3 Ne7 14.Rg1 Bh6
15.Nc4 f6 16.h4 c5 17.d3 Bxc1 18.Raxc1 Rhg8 19.Rg3 Kd7 20.Ke3 Ke6 21.Rcg1 
g6 22.f4 exf4+ 23.Kxf4 Rd7 24.Ke3 Rgd8 25.Ke2 f5 26.exf5+ gxf5 27.f4 Nd5 
28.Kf3 Re7 29.Re1+ Kd7 30.Ne5+ Kc8 31.Rg5 Nf6 32.Rxf5 Re6 33.Rg5 Rde8 34.
Reg1 b5 35.Rf5 Rd8 36.Rg7 Kb7 37.Rf7 Rdd6 38.Rg5 a5 39.Rgg7 Ne8 40.Rh7 Rh6
41.Rxh6 Rxh6 42.f5 1-0

[Event "4th OHRA Open"]
[Site "Amsterdam NED"]
[Date "1985.07.17"]
[Round "2"]
[White "Borm, Franciscus"]
[Black "Rogers, Ian"]
[Result "1-0"]
[WhiteElo "2385"]
[BlackElo "2510"]
[EventDate "1985.07.16"]
[PlyCount "117"]

1.e4 c6 2.c4 e5 3.Nf3 d6 4.d4 Nd7 5.Nc3 Ngf6 6.h3 g6 7.Be3 Bg7 8.dxe5 dxe5
9.Qc2 O-O 10.Rd1 Qe7 11.a3 a5 12.Na4 Nh5 13.c5 f5 14.Nb6 f4 15.Bd2 Nxb6 
16.cxb6 Kh8 17.b4 Be6 18.Bc4 Bxc4 19.Qxc4 axb4 20.Bxb4 c5 21.Qxc5 Qxc5 22.
Bxc5 Rfc8 23.Bb4 Nf6 24.O-O Nxe4 25.Rd7 Rab8 26.Rfd1 Nf6 27.Rc7 e4 28.Ng5 
e3 29.Ne6 Ne8 30.Rxc8 Rxc8 31.Nxf4 exf2+ 32.Kxf2 Be5 33.Ne6 Rc6 34.Nd8 
Rf6+ 35.Ke2 Kg8 36.Rf1 Rxf1 37.Kxf1 Bd4 38.Nxb7 Bxb6 39.Bc5 Bxc5 40.Nxc5 
Kf7 41.Ke2 Ke7 42.Ke3 Kd6 43.Kd4 Ng7 44.Ne4+ Kc6 45.Ke5 Nf5 46.g4 Ne3 47.
Kf4 Nc4 48.a4 Nb2 49.Kg5 Nxa4 50.Kh6 Kd5 51.Ng5 Ke5 52.Nxh7 Kf4 53.Kxg6 
Nc5 54.g5 Nd3 55.Kh6 Ne5 56.g6 Nc6 57.Nf6 Ne7 58.Nh5+ Kf5 59.g7 1-0

[Event "4th OHRA Open"]
[Site "Amsterdam NED"]
[Date "1985.07.18"]
[Round "3"]
[White "Farago, Ivan"]
[Black "Bischoff, Klaus"]
[Result "1/2-1/2"]
[WhiteElo "2510"]
[BlackElo "2415"]
[EventDate "1985.07.16"]
[PlyCount "135"]

1.d4 Nf6 2.c4 c5 3.d5 g6 4.Nc3 d6 5.e4 Bg7 6.Nf3 O-O 7.h3 e6 8.Bd3 exd5 9.
exd5 Re8+ 10.Be3 Rxe3+ 11.fxe3 Nfd7 12.O-O Ne5 13.Nxe5 Bxe5 14.Qd2 Nd7 15.
Rf4 Bg7 16.Raf1 Ne5 17.Ne4 f5 18.Nc3 Bh6 19.R4f2 Qe7 20.Kh1 Bd7 21.Ne2 Re8
22.Nf4 b6 23.b3 Qh4 24.Re2 Bg5 25.Bc2 b5 26.Ne6 bxc4 27.Nxg5 Qxg5 28.e4 
Qxd2 29.Rxd2 Bb5 30.Rf4 cxb3 31.axb3 fxe4 32.Rxe4 Rf8 33.Kh2 Kg7 34.Bd1 
Rb8 35.Ra2 Rb7 36.Be2 a6 37.Bxb5 axb5 38.Ra6 Rd7 39.Rb6 b4 40.Kg3 Kf6 41.
Kf4 g5+ 42.Ke3 h5 43.g4 hxg4 44.hxg4 Rd8 45.Kf2 Nd3+ 46.Kg3 Nf4 47.Rxf4+ 
gxf4+ 48.Kxf4 Kg6 49.g5 Rf8+ 50.Kg4 Rd8 51.Rc6 Rd7 52.Rc8 Re7 53.Rg8+ Kf7 
54.Rd8 Re4+ 55.Kh5 Re3 56.g6+ Kg7 57.Rd7+ Kg8 58.Rxd6 Rxb3 59.Rc6 Rd3 60.
Kh6 Rh3+ 61.Kg5 b3 62.Rxc5 b2 63.Rc8+ Kg7 64.Rc7+ Kg8 65.Rb7 Rh2 66.Kf4 
Rd2 67.Ke4 Kf8 68.Ke5 1/2-1/2

[Event "4th OHRA Open"]
[Site "Amsterdam NED"]
[Date "1985.07.18"]
[Round "3"]
[White "Haik, Aldo"]
[Black "Boersma, Paulus"]
[Result "1-0"]
[WhiteElo "2440"]
[BlackElo "2385"]
[EventDate "1985.07.16"]
[PlyCount "91"]

1.d4 d5 2.c4 e6 3.Nc3 Be7 4.cxd5 exd5 5.Bf4 c6 6.e3 Bf5 7.Bd3 Bxd3 8.Qxd3 
Nf6 9.Nge2 O-O 10.g4 Re8 11.g5 Ne4 12.h4 Bd6 13.f3 Bxf4 14.Nxf4 Nxc3 15.
bxc3 Qe7 16.Kf2 Nd7 17.Rag1 b5 18.h5 Nb6 19.g6 fxg6 20.h6 Nc4 21.Rxg6 
Qxe3+ 22.Qxe3 Rxe3 23.Rxc6 Rxc3 24.Rh5 Rf8 25.Kg3 gxh6 26.Rxd5 b4 27.Rxh6 
Nd2 28.Rg5+ Kh8 29.Ng6+ Kg7 30.Rxh7+ Kxh7 31.Nxf8+ Kh6 32.Kg4 Rc6 33.d5 
Rf6 34.Rh5+ Kg7 35.Ne6+ Kg8 36.Rg5+ Kh8 37.f4 a5 38.f5 Ne4 39.Rh5+ Kg8 40.
Kf4 Nc3 41.d6 Rf7 42.Rg5+ Kh8 43.Rh5+ Kg8 44.Ke5 Nb5 45.Rg5+ Kh8 46.Nc5 
1-0

[Event "4th OHRA Open"]
[Site "Amsterdam NED"]
[Date "1985.07.18"]
[Round "3"]
[White "De Wit, Jan"]
[Black "Georgiev, Kiril"]
[Result "1/2-1/2"]
[WhiteElo "2390"]
[BlackElo "2550"]
[EventDate "1985.07.16"]
[PlyCount "118"]

1.e4 e5 2.Nf3 Nc6 3.Bb5 a6 4.Ba4 Nf6 5.O-O Be7 6.Bxc6 dxc6 7.d3 Nd7 8.Nbd2
O-O 9.Nc4 f6 10.Nh4 Nc5 11.Nf5 Bxf5 12.exf5 Qd5 13.Qg4 Rfe8 14.Re1 Rad8 
15.Nd2 Qf7 16.Ne4 Nxe4 17.Rxe4 Rd4 18.Be3 Rxe4 19.Qxe4 Rd8 20.Qa4 Qd5 21.
Re1 Qb5 22.Qxb5 axb5 23.a3 Kf7 24.Kf1 c5 25.Ke2 g6 26.fxg6+ hxg6 27.f4 Bd6
28.Kf3 b6 29.Re2 Re8 30.Bd2 Rh8 31.g3 c4 32.dxc4 bxc4 33.h4 b5 34.Bb4 Ra8 
35.fxe5 Bxe5 36.b3 cxb3 37.cxb3 Ke6 38.Rc2 Bd6 39.Re2+ Kd5 40.Rd2+ Ke6 41.
Re2+ Be5 42.Rd2 Rc8 43.Bc5 Rh8 44.Rd3 g5 45.hxg5 fxg5 46.g4 Rg8 47.a4 bxa4
48.bxa4 Ra8 49.Ra3 Kd5 50.Be7 Re8 51.Rd3+ Kc6 52.Bb4 Ra8 53.a5 Kb5 54.Bd2 
c5 55.Rd7 c4 56.Rb7+ Kc6 57.Rb6+ Kc7 58.Rb4 c3 59.Bxc3 Bxc3 1/2-1/2

[Event "4th OHRA Open"]
[Site "Amsterdam NED"]
[Date "1985.07.18"]
[Round "3"]
[White "Watson, William"]
[Black "Kurajica, Bojan"]
[Result "1/2-1/2"]
[WhiteElo "2435"]
[BlackElo "2505"]
[EventDate "1985.07.16"]
[PlyCount "31"]

1.e4 c5 2.f4 e6 3.Nf3 d5 4.Nc3 dxe4 5.Nxe4 Nh6 6.d4 cxd4 7.Qxd4 Qc7 8.Bd2 
Nc6 9.Qc3 Nf5 10.O-O-O Bb4 11.Qd3 O-O 12.c3 Be7 13.g4 Nd6 14.Nxd6 Qxd6 15.
Qxd6 Bxd6 16.Be3 1/2-1/2

[Event "4th OHRA Open"]
[Site "Amsterdam NED"]
[Date "1985.07.18"]
[Round "3"]
[White "Borm, Franciscus"]
[Black "Campora, Daniel Hugo"]
[Result "1/2-1/2"]
[WhiteElo "2385"]
[BlackElo "2440"]
[EventDate "1985.07.16"]
[PlyCount "82"]

1.e4 c6 2.c4 d5 3.cxd5 cxd5 4.exd5 Nf6 5.Qa4+ Nbd7 6.Nc3 g6 7.g4 Bg7 8.g5 
Nh5 9.d4 O-O 10.Nge2 Nb6 11.Qb3 e6 12.Bg2 exd5 13.a4 Be6 14.a5 Nc4 15.a6 
bxa6 16.Rxa6 Re8 17.O-O Re7 18.Qa2 Rd7 19.b3 Nb6 20.Be3 Nc8 21.Na4 Re7 22.
Nec3 Rb8 23.Nc5 Rb6 24.Rxb6 axb6 25.Nxe6 fxe6 26.Nb5 Nd6 27.Nxd6 Qxd6 28.
Rc1 Rc7 29.Rxc7 Qxc7 30.Bh3 Qc6 31.Qa4 b5 32.Qa7 Bf8 33.Qb8 Ng7 34.Bg4 b4 
35.h4 Qd6 36.Bf4 Qxb8 37.Bxb8 Kf7 38.f4 Nh5 39.Kf2 Ng7 40.Ke3 Nf5+ 41.Bxf5
exf5 1/2-1/2

[Event "4th OHRA Open"]
[Site "Amsterdam NED"]
[Date "1985.07.18"]
[Round "3"]
[White "Bosboom, Manuel"]
[Black "Bohm, Hans"]
[Result "0-1"]
[WhiteElo "2340"]
[BlackElo "2395"]
[EventDate "1985.07.16"]
[PlyCount "48"]

1.e4 e6 2.d4 d5 3.Nc3 Bb4 4.Bd2 Nc6 5.Bb5 Ne7 6.e5 Bd7 7.Bxc6 Bxc6 8.Nf3 
Nf5 9.a4 a6 10.O-O O-O 11.Ne2 Be7 12.Nf4 a5 13.Nh5 Be8 14.Re1 Kh8 15.Qc1 
c5 16.Ra3 cxd4 17.Rd3 f6 18.Nf4 Bd7 19.g4 Nh6 20.Nxd4 Nxg4 21.Rh3 fxe5 22.
Nfxe6 Qb6 23.c4 Bxe6 24.Qc2 Bg8 0-1

[Event "4th OHRA Open"]
[Site "Amsterdam NED"]
[Date "1985.07.18"]
[Round "3"]
[White "Wockenfuss, Klaus"]
[Black "Klaric, Zlatko"]
[Result "0-1"]
[WhiteElo "2370"]
[BlackElo "2465"]
[EventDate "1985.07.16"]
[PlyCount "46"]

1.g3 g6 2.Bg2 Bg7 3.d4 f5 4.c4 Nf6 5.Nc3 O-O 6.Nh3 d6 7.d5 Na6 8.O-O Nc5 
9.Nf4 g5 10.Nd3 Nce4 11.Nxe4 fxe4 12.Ne1 h6 13.Nc2 Qe8 14.Be3 Ng4 15.Bd4 
Qh5 16.h3 Ne5 17.Ne3 Bxh3 18.Bxh3 Qxh3 19.Bxe5 Bxe5 20.Qc2 Rf4 21.Ng2 Raf8
22.a4 Rxf2 23.Rxf2 Bxg3 0-1

[Event "4th OHRA Open"]
[Site "Amsterdam NED"]
[Date "1985.07.18"]
[Round "3"]
[White "Vanheste, Jeroen"]
[Black "Ree, Hans"]
[Result "1-0"]
[WhiteElo "2360"]
[BlackElo "2465"]
[EventDate "1985.07.16"]
[PlyCount "137"]

1.d4 d5 2.Nf3 Nf6 3.c4 dxc4 4.Qa4+ Nfd7 5.e4 Nc6 6.Bxc4 Nb6 7.Qb3 Nxc4 8.
Qxc4 e6 9.O-O Be7 10.d5 Nb4 11.Nc3 O-O 12.Bf4 exd5 13.exd5 Na6 14.Rad1 Bd6
15.Bg5 Qd7 16.Rfe1 Qg4 17.Rd4 Qh5 18.Ne4 Bd7 19.Ng3 Qg6 20.Be3 Rfe8 21.Nh4
Qf6 22.Nh5 Qe5 23.Ng3 f5 24.Nf3 Qf6 25.Nh5 Qf7 26.Nf4 h6 27.h4 Nc5 28.Rdd1
Ne4 29.h5 c5 30.Qc2 Nf6 31.Ne6 Qxh5 32.Bf4 Bxe6 33.Bxd6 Bxd5 34.Ne5 Rad8 
35.Qxc5 b6 36.Qb4 Kh7 37.f3 Bb7 38.Qa3 a5 39.Qb3 f4 40.Qc2+ Kh8 41.Qc7 Bd5
42.Be7 Rc8 43.Qd6 Rxe7 44.Qxe7 Re8 45.Qd6 Bxa2 46.Nd3 Rxe1+ 47.Rxe1 Qd5 
48.Qb8+ Kh7 49.Nxf4 Qd4+ 50.Kh1 Qxb2 51.Qc8 Bb1 52.Ne6 Bf5 53.Nf8+ Kg8 54.
Nd7+ Kh7 55.Nf8+ Kg8 56.Qxf5 Kxf8 57.Qe6 Qd2 58.Qc8+ Kf7 59.Qc7+ Nd7 60.
Qc4+ Kf8 61.Qc8+ Kf7 62.Qe8+ Kf6 63.Qe6+ Kg5 64.Qg4+ Kf6 65.Re6+ Kf7 66.
Qg6+ Kg8 67.Re8+ Nf8 68.Qe6+ Kh7 69.Rxf8 1-0

[Event "4th OHRA Open"]
[Site "Amsterdam NED"]
[Date "1985.07.19"]
[Round "4"]
[White "Campora, Daniel Hugo"]
[Black "Hellers, Ferdinand"]
[Result "0-1"]
[WhiteElo "2440"]
[BlackElo "2380"]
[EventDate "1985.07.16"]
[PlyCount "102"]

1.e4 c5 2.Nf3 d6 3.d4 cxd4 4.Nxd4 Nf6 5.Nc3 a6 6.Be2 e6 7.O-O Be7 8.f4 Qc7
9.Kh1 O-O 10.Bf3 Nc6 11.Be3 Rd8 12.Qe1 Nxd4 13.Bxd4 e5 14.Be3 b5 15.Qf2 
Rb8 16.Rad1 Be6 17.Rd2 b4 18.Nd5 Bxd5 19.exd5 exf4 20.Bxf4 Nd7 21.Qg3 Ne5 
22.Bxe5 dxe5 23.Be4 Rb6 24.Rdf2 Rf8 25.Rf3 Rh6 26.Qf2 Bd6 27.Qe2 a5 28.c3 
Qe7 29.g3 Qg5 30.Kg2 Qh5 31.h4 f5 32.Bc2 e4 33.R3f2 Qg6 34.Rf4 Rxh4 35.Qe3
Qg5 36.Rxe4 f4 37.Qd3 Rg4 38.Re3 g6 39.Ref3 Re8 40.Bd1 fxg3 41.Rf6 Rh4 42.
Rxd6 Rh2+ 43.Kg1 g2 44.Kxh2 gxf1=Q 45.Qxf1 Re4 46.Qf2 Rh4+ 47.Qxh4 Qxh4+ 
48.Kg2 Qg5+ 49.Kf3 Qh5+ 50.Ke4 Qxd1 51.Rc6 Qe2+ 0-1

[Event "4th OHRA Open"]
[Site "Amsterdam NED"]
[Date "1985.07.19"]
[Round "4"]
[White "Pliester, Leon"]
[Black "De Wit, Jan"]
[Result "0-1"]
[WhiteElo "2340"]
[BlackElo "2390"]
[EventDate "1985.07.16"]
[PlyCount "82"]

1.e4 c5 2.Nc3 e6 3.g3 Nc6 4.Bg2 g6 5.d3 Bg7 6.Be3 d6 7.Qd2 Qa5 8.Nge2 Nd4 
9.Bxd4 cxd4 10.Nd1 Qb6 11.O-O Ne7 12.c4 dxc3 13.bxc3 O-O 14.Ne3 Bd7 15.
Rab1 Qc7 16.f4 Rab8 17.Kh1 b5 18.g4 f5 19.gxf5 exf5 20.Rbc1 Qa5 21.Ng3 
Rbe8 22.d4 Qd8 23.e5 Be6 24.Qf2 dxe5 25.dxe5 Qb6 26.Ne2 g5 27.Qg3 Ng6 28.
Nd5 Qc5 29.Rcd1 Rd8 30.Nf6+ Bxf6 31.exf6 Bc4 32.Rxd8 Rxd8 33.Qxg5 Re8 34.
Qh6 Qf8 35.f7+ Qxf7 36.Ng3 Bxf1 37.Bxf1 Qd5+ 38.Kg1 Qc5+ 39.Kg2 Qxc3 40.h4
Qc6+ 41.Kh3 Qf3 0-1

[Event "4th OHRA Open"]
[Site "Amsterdam NED"]
[Date "1985.07.19"]
[Round "4"]
[White "Ree, Hans"]
[Black "Borm, Franciscus"]
[Result "1-0"]
[WhiteElo "2465"]
[BlackElo "2385"]
[EventDate "1985.07.16"]
[PlyCount "55"]

1.c4 e6 2.Nc3 d5 3.d4 Nf6 4.cxd5 exd5 5.Bg5 Nbd7 6.e3 c6 7.Bd3 Be7 8.Nge2 
O-O 9.Qc2 Re8 10.O-O h6 11.Bh4 Ne4 12.Bxe7 Qxe7 13.Bxe4 dxe4 14.d5 Qc5 15.
dxc6 Qxc6 16.Nd4 Qg6 17.Ndb5 Ne5 18.Qxe4 Bf5 19.Qf4 Bd3 20.Rfd1 Rac8 21.
Nd4 Nc4 22.Rdc1 Nxb2 23.Qg3 Qh5 24.h3 Qa5 25.Nb3 Qe5 26.Qxe5 Rxe5 27.Nd1 
Rxc1 28.Nxc1 1-0

[Event "4th OHRA Open"]
[Site "Amsterdam NED"]
[Date "1985.07.19"]
[Round "4"]
[White "Lombardy, William James"]
[Black "Van der Sterren, Paul"]
[Result "1/2-1/2"]
[WhiteElo "2510"]
[BlackElo "2465"]
[EventDate "1985.07.16"]
[PlyCount "43"]

1.e4 e5 2.Nf3 Nc6 3.Bb5 a6 4.Ba4 Nf6 5.O-O Be7 6.Bxc6 dxc6 7.Nxe5 Nxe4 8.
Re1 Nf6 9.Qe2 Be6 10.d3 Nd7 11.Nc3 Nxe5 12.Qxe5 O-O 13.Ne4 Qd7 14.Bf4 Rac8
15.Nc5 Bxc5 16.Qxc5 Rfe8 17.Re3 Bd5 18.Rae1 b6 19.Qc3 Rxe3 20.fxe3 f6 21.
h3 Kf7 22.b3 1/2-1/2

[Event "4th OHRA Open"]
[Site "Amsterdam NED"]
[Date "1985.07.19"]
[Round "4"]
[White "Hartoch, Robert"]
[Black "Bosboom, Manuel"]
[Result "1-0"]
[WhiteElo "2380"]
[BlackElo "2340"]
[EventDate "1985.07.16"]
[PlyCount "113"]

1.e4 c5 2.c4 Nc6 3.Nc3 d6 4.g3 a6 5.a4 h5 6.h3 Nf6 7.d3 Qa5 8.Bg2 Nd4 9.
Bd2 Qb6 10.Nge2 Nc6 11.a5 Qd8 12.Nd5 Nd7 13.Bc3 e6 14.Ne3 Qg5 15.h4 Qh6 
16.d4 cxd4 17.Nxd4 Nde5 18.Nxc6 Nxc6 19.O-O Be7 20.Qe2 O-O 21.Rfd1 Qg6 22.
Bf3 Ne5 23.Bg2 Nd7 24.b4 Re8 25.Ra2 Rb8 26.Bf3 b6 27.Ng2 e5 28.Bxh5 Qh7 
29.Bf3 Nf6 30.axb6 Rxb6 31.Qd3 Bb7 32.Re2 Qg6 33.Ree1 Bf8 34.Qe2 Rc8 35.
Rc1 Rbc6 36.Bd2 R6c7 37.g4 Nd7 38.g5 f5 39.exf5 Qxf5 40.Bxb7 Rxb7 41.Qe4 
Qxe4 42.Rxe4 Rbc7 43.Ne3 Nb6 44.h5 g6 45.h6 Be7 46.Rg4 d5 47.c5 d4 48.Nc4 
Nxc4 49.Rxc4 a5 50.bxa5 Rxc5 51.Rxc5 Rxc5 52.Re4 Kf7 53.a6 Rc6 54.Rxe5 
Rxa6 55.Rd5 Ra4 56.h7 Ra8 57.Rxd4 1-0

[Event "4th OHRA Open"]
[Site "Amsterdam NED"]
[Date "1985.07.19"]
[Round "4"]
[White "Boersma, Paulus"]
[Black "Ermenkov, Evgeny"]
[Result "0-1"]
[WhiteElo "2385"]
[BlackElo "2520"]
[EventDate "1985.07.16"]
[PlyCount "78"]

1.d4 Nf6 2.Nf3 c5 3.d5 b5 4.Bg5 d6 5.e4 Nxe4 6.Bxb5+ Bd7 7.Bd3 Nxg5 8.Nxg5
e5 9.dxe6 Qxg5 10.exd7+ Nxd7 11.O-O Be7 12.Nc3 O-O 13.Nd5 Nb6 14.Nxe7+ 
Qxe7 15.c4 Qf6 16.Qc2 g6 17.Rad1 Rae8 18.Rd2 Re6 19.Rfd1 Rfe8 20.Bf1 R8e7 
21.b3 Nd7 22.Rd5 Ne5 23.Qd2 Ng4 24.h3 Re2 25.Bxe2 Qxf2+ 26.Kh1 Rxe2 27.
Qxe2 Qxe2 28.hxg4 Qxa2 29.R1d3 Qe2 30.Rxd6 Qxg4 31.Ra6 Qe4 32.Rd5 h5 33.
Rxa7 h4 34.Kh2 Qf4+ 35.Kh1 g5 36.Ra5 g4 37.Raxc5 h3 38.Rf5 Qe4 39.Rg5+ Kf8
0-1

[Event "4th OHRA Open"]
[Site "Amsterdam NED"]
[Date "1985.07.19"]
[Round "4"]
[White "Klaric, Zlatko"]
[Black "Bischoff, Klaus"]
[Result "1/2-1/2"]
[WhiteElo "2465"]
[BlackElo "2415"]
[EventDate "1985.07.16"]
[PlyCount "53"]

1.d4 e6 2.Nf3 Nf6 3.Bg5 h6 4.Bh4 c5 5.e3 cxd4 6.exd4 Be7 7.c3 b6 8.Bd3 Bb7
9.Bxf6 Bxf6 10.Qe2 d6 11.Nbd2 Nd7 12.O-O-O Be7 13.Ne4 a6 14.Nfd2 b5 15.f4 
Nb6 16.Rhf1 Bd5 17.Kb1 f5 18.Nf2 h5 19.Rc1 Kf7 20.Nd1 Bf6 21.Ne3 g6 22.g3 
Bb7 23.Rce1 Qd7 24.Nf3 Rae8 25.Ng5+ Kg7 26.h3 Nd5 27.Nf3 1/2-1/2